000 00831nam a2200193 i 4500
001 166581
003 ES-MaACL
005 20230906213348.0
008 931025s1727 fr a |||| | fre d
100 1 _aTournefort, Joseph Pitton de.
_9111143
245 1 0 _aRelation d'un voyage du Levant :
_bfait par ordre du roy... /
_cpar M. Pitton de Tournefort... ; tome premier.
260 _aA Lyon :
_bchez les freres Bruyset...,
_c1727.
300 _a[22], 379, [4] p., [47] h. de lám., [3] h. de lám. pleg. ;
_c8º.
597 _aSign.: a11, A-Z8, 2A4, 2B2.
599 _aLám: grab. calc.
651 _aGrecia-
_xDescripción.
_98776
651 _aTurquía-
_xDescripción.
_9150889
852 4 _aES-MaACL
_jR-1447-49
_x Olim: G-13684-86
_z- Enc. piel
_z- Ex-libris de la Biblioteca Real
_z- Ex-libris del conde de Mansilla
999 _c166581
_d166581